000 00531 a2200169 4500
999 _c532607
_d532607
003 NUST
005 20191126152438.0
008 191126b ||||| |||| 00| 0 eng d
038 _aMSOHAIL
082 _a343.07869 ACI
100 _aACI
_926232
245 _aBuilding Code Requirements for Structural Concrete (ACI 318-14)
_cAmerican Concrete Institute,
260 _aAmerica :
_bAmerican Concrete Institute,
_c2014
300 _ap;519
_bill. ;
_c28 cm
650 _aBuilding Codes -- Structural Concrete
_926233
942 _2ddc
_cBK